Ingat tuhan sampai mati

Bibliographic Details
Main Author: Aa Gym
Format: Book
Published: Selangor : PTS Millennia Sdn. Bhd , 2007
Subjects:

MARC

LEADER 00000cam a2200000 7i4500
001 0000032791
005 20120626.0
008 120626
020 |a 9833604560 
090 0 0 |a 297.44   |b AAG 
100 0 |a Aa Gym 
245 1 0 |a Ingat tuhan sampai mati   |c Aa Gym 
260 |a Selangor :   |b PTS Millennia Sdn. Bhd ,   |c 2007 
650 0 |a Muslim   |x Conduct of life 
650 0 |a Religious life   |x Islam 
999 |a 0001137833   |b Book   |c Adult Collection   |e Perbadanan Perpustakaan Awam Johor 
999 |a 0001137834   |b Book   |c Adult Collection   |e Perbadanan Perpustakaan Awam Johor 
999 |a 0001137835   |b Book   |c Adult Collection   |e Perbadanan Perpustakaan Awam Johor 
999 |a 0001137836   |b Book   |c Adult Collection   |e Perbadanan Perpustakaan Awam Johor 
999 |a 0001137837   |b Book   |c Adult Collection   |e Perbadanan Perpustakaan Awam Johor